League of Legends - Regiony - Statystyki

Ogólne statystyki
  • Ten quiz został rozwiązany 1 001 razy
  • Średni wynik to 10 z 13
Statystyki odpowiedzi
Odpowiedź % Poprawnych
Demacia
96%
Noxus
96%
Ionia
87%
Shurima
83%
Zaun
83%
Piltover
81%
Freljord
78%
Pustka
78%
Wyspy Cienia
73%
Bilgewater
72%
Targon
64%
Ixtal
59%
Bandle City
54%
Nie znaleziono quizów pasujących do podanych kryteriów
Rozkład punktacji
Procent ludzi z każdym wynikiem
Percentyl według liczby udzielonych odpowiedzi
Twoja historia wyników
Nie rozwiązałeś tego quizu